[Event "Wch U14 Girls"]
[Site "Porto Carras"]
[Date "2018.10.20"]
[Round "1"]
[White "Kong, Sydney"]
[Black "Dhyana, Patel"]
[Result "0-1"]
[WhiteElo "1659"]
[BlackElo "2002"]
[PlyCount "136"]
[EventDate "2018.10.20"]
[EventType "swiss"]
[EventRounds "11"]
[EventCountry "GRE"]
[SourceTitle "CBM 187 Extra"]
[Source "ChessBase"]
[SourceDate "2018.11.04"]
[SourceVersion "1"]
[SourceVersionDate "2018.11.04"]
[SourceQuality "1"]

1. e4 c5 2. Nf3 Nc6 3. d4 cxd4 4. Nxd4 g6 5. Nc3 Bg7 6. Be3 Nf6 7. Bc4 0-0 8. Bb3 a5 9. f3 d6 10. Qd2 Bd7 11. a3 a4 12. Ba2 Qa5 13. 0-0 Rfd8 14. Qf2 Rac8 15. Ndb5 Rf8 16. Bb6 Qa8 17. Rad1 Ne5 18. Nc7 Qb8 19. N3d5 Nxd5 20. Nxd5 Rfe8 21. Ba7 Qa8 22. Bd4 Qa6 23. Kh1 Bb5 24. Rfe1 Bc4 25. Bxc4 Rxc4 26. Bb6 Nd7 27. Bd4 Ne5 28. Bb6 Nd7 29. Bd4 Qc6 30. Nb4 Bxd4 31. Rxd4 Qc5 32. Red1 Ne5 33. Qd2 b5 34. Rd5 Qb6 35. b3 Rc7 36. Qe2 axb3 37. cxb3 Rb8 38. R5d2 Qa7 39. Ra1 Rbc8 40. h4 Rc1+ 41. Rd1 R1c5 42. f4 Nd7 43. Nd5 Nb6 44. b4 Rc2 45. Qe3 R2c6 46. f5 Qb7 47. Qg5 Nxd5 48. Rxd5 Kg7 49. Rf1 f6 50. Qf4 Rc4 51. g4 Qxd5 52. exd5 Rxf4 53. Rxf4 Rc3 54. Re4 Kf7 55. Kg2 Rxa3 56. Rd4 gxf5 57. gxf5 Re3 58. Kf2 Re5 59. Kf3 Rxf5+ 60. Kg4 Re5 61. Kf4 Re1 62. Kg3 f5 63. Kf4 Kf6 64. Kg3 Ke5 65. Rd2 Re4 66. Rf2 Rxb4 67. Re2+ Re4 68. Rxe4+ fxe4 0-1